Remaking a world : violence, social suffering, and recovery /

Bibliographic Details
Other Authors: Das, Veena, Kleinman, Arthur, Lock, Margaret, Ramphele, Mamphela, Reynolds, Pamela
Format: Book
Language:English
Published: Berkeley : University of California Press, c2001.
Subjects:
Classic Catalogue: View this record in Classic Catalogue
LEADER 01536nam a2200361 a 4500
001 0017477
003 BD-DhAAL
008 091222s2001 cau b 001 0 eng d
010 |a \\\00046707  
020 |a 0520223292 (cloth : alk. paper) 
020 |a 0520223306 (pbk. : alk. paper) 
040 |a DLC  |c DLC  |d DLC  |d BD-DhAAL 
082 0 0 |a 303.6  |2 21 
245 0 0 |a Remaking a world :  |b violence, social suffering, and recovery /  |c edited by Veena Das ... [et al.]. 
260 |a Berkeley :  |b University of California Press,  |c c2001. 
300 |a viii, 294 p. ;  |c 23 cm 
504 |a Includes bibliographical references and index. 
526 |a JPGSPH 
541 1 |e 00017477, 0017478  |a D. S. Books International 
650 0 |a Violence. 
650 0 |a Community life. 
650 0 |a Interpersonal relations. 
650 0 |a Suffering  |x Social aspects.  |9 58476 
700 1 |a Das, Veena.  |9 31219 
700 1 |a Kleinman, Arthur.  |9 45344 
700 1 |a Lock, Margaret.  |9 58474 
700 1 |a Ramphele, Mamphela.  |9 58477 
700 1 |a Reynolds, Pamela.  |9 58478 
852 4 |a Ayesha Abed Library  |c General Stacks 
942 |2 ddc  |c BK 
999 |c 6358  |d 6358 
952 |0 0  |1 0  |2 ddc  |4 0  |6 303_600000000000000_REM_2001  |7 0  |9 6414  |a BRACUL  |b BRACUL  |c GEN  |d 2009-12-23  |e D. S. Books International  |l 2  |m 17  |o 303.6 REM  |p 3010017477  |r 2026-04-27  |s 2026-04-08  |t 1  |w 2009-12-23  |y BK  |x USD 22.95 
952 |0 0  |1 0  |2 ddc  |4 0  |6 303_600000000000000_REM_2001  |7 0  |9 6470  |a BRACUL  |b BRACUL  |c GEN  |d 2009-12-24  |e D. S. Books International  |l 0  |o 303.6 REM  |p 3010017478  |r 2009-12-24  |t 2  |w 2009-12-24  |y BK  |x USD 22.95